Statistics for Страны на Северном море с картой

Click here to take the quiz!

General Stats

  • This quiz has been taken 311 times
  • The average score is 6 of 8

Answers on the Map

Answers color-coded by a green-red scale on the quiz's map according to % correct below.
 

Answer Stats

Страна% Correct
Норвегия
95%
Дания
94%
Германия
93%
Нидерланды
93%
Швеция
87%
Франция
83%
Великобританния
14%
Белгия
9%

Score Distribution

Percentile by Number Answered

Percent of People with Each Score

Your Score History

You have not taken this quiz